Reading in Organizational Behaviour (Record no. 4359)

MARC details
000 -LEADER
fixed length control field 00354nam a22001337a 4500
008 - FIXED-LENGTH DATA ELEMENTS--GENERAL INFORMATION
fixed length control field 250721b |||||||| |||| 00| 0 eng d
020 ## - INTERNATIONAL STANDARD BOOK NUMBER
ISBN 0721611400
100 ## - MAIN ENTRY--AUTHOR
Author ALTMAN Steven
245 ## - TITLE STATEMENT
Title Reading in Organizational Behaviour
260 ## - PUBLICATION, DISTRIBUTION, ETC. (IMPRINT)
Place of publication United States of America
Name of publisher W.B Saunder Company
Date of publication 1979
300 ## - COLLATION
Pagination vii, 354
942 ## - ADDED ENTRY ELEMENTS (KOHA)
Item type Books
050 ## - LIBRARY OF CONGRESS CALL NUMBER
Classification number HD58
Item number .A58
Holdings
Source of classification or shelving scheme Not for loan Permanent location Current location Date acquired Accession No. Full call number Barcode. Koha item type
Library of Congress Classification   Samuel Ogbemudia Main Library, University of Abuja Samuel Ogbemudia Main Library, University of Abuja 07/21/2025 91/004079 HD58.A58 2025-3129 Books